[Event "11th Open A"]
[Site "Voesendorf AUT"]
[Date "2008.05.22"]
[Round "1"]
[White "Neff,G"]
[Black "Hrdina,K"]
[Result "1-0"]
[WhiteElo "2135"]
[BlackElo "1975"]

1.e4 d6 2.d4 Nf6 3.Nc3 c6 4.a4 a5 5.Nf3 e6 6.Be2 Be7 7.O-O Na6 8.e5 dxe5
9.dxe5 Qxd1 10.Rxd1 Nd5 11.Ne4 Nc5 12.Nxc5 Bxc5 13.Ng5 f5 14.exf6 Nxf6 15.Bc4 Nd5
16.Ne4 Be7 17.Bg5 Bd7 18.Re1 h6 19.Bxe7 Kxe7 20.Rad1 b6 21.Bb3 Rhf8 22.Nd2 Rf5
23.Nc4 Raf8 24.f3 Rg5 25.Ne5 Kd8 26.Nxd7 Kxd7 27.c4 Rxf3 28.cxd5 Rxb3 29.dxe6+ Ke7
30.Rd7+ Ke8 31.Rc7 Rxb2 32.g3  1-0

[Event "ch-Catalunya"]
[Site "Barcelona ESP"]
[Date "2008.05.23"]
[Round "4.3"]
[White "Fluvia Poyatos,Jor"]
[Black "Magem Badals,J"]
[Result "1/2-1/2"]
[WhiteElo "2504"]
[BlackElo "2470"]

1.e4 d6 2.d4 Nf6 3.Nc3 e5 4.dxe5 dxe5 5.Qxd8+ Kxd8 6.Bc4 Be6 7.Bxe6 fxe6
8.f3 Nc6 9.Be3 Bd6 10.O-O-O a6 11.Nh3 Ke7 12.Nf2 b5 13.Nb1 h6 14.Nd2 Na5
15.Nd3 Nd7 16.b3 Rab8 17.c4 bxc4 18.Nxc4 Nxc4 19.bxc4 c5 20.Kc2 Nb6 21.Nb2 Rhd8
22.Rd3 Ke8 23.Rhd1 Be7 24.Ra3 Rxd1 25.Kxd1 Nd7 26.Ra5 Rb6 27.Ra3 Rc6  1/2-1/2

[Event "ch-Catalunya"]
[Site "Barcelona ESP"]
[Date "2008.05.23"]
[Round "4.1"]
[White "Fluvia Poyatos,Jor"]
[Black "Magem Badals,J"]
[Result "1/2-1/2"]
[WhiteElo "2504"]
[BlackElo "2470"]

1.e4 d6 2.d4 Nf6 3.Nc3 e5 4.Nf3 Nbd7 5.Bc4 Be7 6.O-O O-O 7.Re1 c6 8.a4 a5
9.h3 exd4 10.Qxd4 Nc5 11.b3 Be6 12.Ba3 Bxc4 13.Qxc4 Ne6 14.e5 dxe5 15.Rad1 Nd7
16.Bxe7 Qxe7 17.Nxe5 Nxe5 18.Rxe5 Rfd8 19.Ree1  1/2-1/2

[Event "XXVII Open"]
[Site "Zalakarosi HUN"]
[Date "2008.05.23"]
[Round "2"]
[White "Finszter,M"]
[Black "Schmid,Sie"]
[Result "1/2-1/2"]
[WhiteElo "2007"]
[BlackElo "2157"]

1.e4 d6 2.d4 Nf6 3.Nc3 c6 4.Be3 Nbd7 5.f3 e5 6.Nge2 Be7 7.Qd2 b5 8.g4 Nb6
9.b3 b4 10.Nd1 c5 11.d5 Bxg4 12.fxg4 Nxe4 13.Qd3 Bh4+ 14.Nf2 Nxf2 15.Bxf2 O-O
16.Bg2 Bxf2+ 17.Kxf2 Qf6+ 18.Qf3 Qg6 19.Qf5 Qxf5+ 20.gxf5 a5 21.c4 a4 22.Ng3 Rfd8
23.Ne4 Ra6 24.Bf3 Kf8 25.h4 f6 26.Rhg1 Nc8 27.Ng3 Rd7 28.Be4 axb3 29.axb3 Rxa1
30.Rxa1 Ra7 31.Rxa7 Nxa7 32.Bc2 Ke7 33.Kf3 Nc8 34.Kg4 Kf7 35.h5 h6 36.Ne4 Ke7
37.Nf2 Nb6 38.Nd1 Kd7 39.Ne3 Ke7 40.Ng2 Kf7 41.Nh4 Ke7 42.Ng6+ Kf7 43.Kf3 Nc8
44.Ke4 Nb6 45.Nh8+ Kg8 46.Ng6 Kf7 47.Nh4 Ke7 48.Ng2 Kd7 49.Ne3 Kc7 50.Nd1 Nd7
51.Nb2 Kb7 52.Na4 Kc7 53.Ke3 Kb7 54.Nb2 Kc7 55.Nd3 Kd8 56.Nf2 Ke7 57.Ne4 Nb6
58.Kd3 Nc8 59.Ng3 Nb6 60.Ne4 Nc8  1/2-1/2

[Event "17th Open"]
[Site "Chicago USA"]
[Date "2008.05.24"]
[Round "2"]
[White "Robson,R"]
[Black "Akobian,V"]
[Result "0-1"]
[WhiteElo "2433"]
[BlackElo "2601"]

1.e4 d6 2.d4 Nf6 3.Nc3 Nbd7 4.f4 e5 5.Nf3 exd4 6.Qxd4 c6 7.Be3 d5 8.O-O-O Bc5
9.Qd3 Qb6 10.Bd2 dxe4 11.Nxe4 O-O 12.Nxc5 Nxc5 13.Qa3 a5 14.Be3 Nfe4 15.Rd4 Qc7
16.b4 axb4 17.Qxa8 b6 18.Ne5 Bf5 19.Qxf8+ Kxf8 20.Bc4 f6 21.Rhd1 fxe5 22.Rd8+ Ke7
23.Rg8 Ne6 24.g4 Bxg4 25.Rg1 Nf6 26.Ra8 exf4 27.Bd2 c5 28.h3 Bf5  0-1

[Event "Capo d'Orso Open"]
[Site "Porto Mannu Palau ITA"]
[Date "2008.05.24"]
[Round "9"]
[White "Mascellani,M"]
[Black "Scalcione,M"]
[Result "0-1"]
[WhiteElo "2309"]
[BlackElo "2455"]

1.d4 d6 2.e4 Nf6 3.Nc3 c6 4.Bg5 Nbd7 5.f4 Qa5 6.Bd3 e5 7.Nf3 Be7 8.Qd2 h6
9.fxe5 dxe5 10.Be3 Ng4 11.Bg1 exd4 12.Bxd4 Nge5 13.O-O Bc5 14.Bxc5 Qxc5+
15.Qf2 Qxf2+ 16.Kxf2 Kd8 17.Nd1 Kc7 18.Ne3 Re8 19.a4 Nc5 20.Nxe5 Rxe5 21.Nc4 Re7
22.Ke3 f5 23.e5 b5 24.axb5 cxb5 25.Na3 Rxe5+ 26.Kd4 Nxd3 27.cxd3 Re6 28.Nc2 a5
29.Ne3 g5  0-1

[Event "GMB"]
[Site "Sarajevo BIH"]
[Date "2008.05.24"]
[Round "2"]
[White "Atakisi,U"]
[Black "Runic,Z"]
[Result "1-0"]
[WhiteElo "2365"]
[BlackElo "2452"]

1.e4 d6 2.d4 Nf6 3.Nc3 e5 4.Nf3 Nbd7 5.Bc4 Be7 6.O-O O-O 7.Re1 c6 8.a4 a5
9.h3 Ne8 10.Be3 Bf6 11.Qd2 Nc7 12.Rad1 Qe7 13.Nh2 h6 14.f4 exf4 15.Bxf4 Nb6
16.Bb3 Ne6 17.Be3 c5 18.Nf3 Bh4 19.Re2 Bg3 20.Nd5 Qd8 21.dxc5 dxc5 22.Qc3 Nd7
23.Bc4 Kh7 24.Red2 Nd4 25.Nxd4 cxd4 26.Bxd4 Qg5 27.Qe3 Ne5 28.Qxg5 hxg5 29.Be2 Be6
30.Bc5 Rh8 31.Nc7 Rac8 32.Nxe6 fxe6 33.Be3 Kg6 34.c3 g4 35.Rd6 gxh3 36.gxh3 Rxh3
37.Rxe6+ Kf7 38.Rb6 Bh2+ 39.Kf2 Kg8 40.Bd4 Bf4 41.Rg1 Rc7 42.Rb5 Nd3+ 43.Bxd3 Rxd3
44.Ke2 Rd2+ 45.Kf3 Bh6 46.e5 Kf8 47.Rg6 Kf7 48.Rgb6 Rc4 49.Rxb7+ Kg6 50.Rxa5 Kf5
51.e6+ Kxe6 52.Ra6+  1-0

[Event "17th Open"]
[Site "Chicago USA"]
[Date "2008.05.25"]
[Round "4"]
[White "Robson,R"]
[Black "Hernandez Guerrero,G"]
[Result "0-1"]
[WhiteElo "2433"]
[BlackElo "2554"]

1.e4 d6 2.d4 Nf6 3.Nc3 e5 4.Nf3 Nbd7 5.g4 g6 6.g5 Nh5 7.Be3 Bg7 8.Qd2 O-O
9.O-O-O c6 10.dxe5 dxe5 11.Bh3 Qa5 12.Qd6 Nb6 13.Bxc8 Raxc8 14.Qc5 Qa6 15.Nxe5 Na4
16.Nxa4 Qxa4 17.Qc4 Qa5 18.Nd3 c5 19.Bd2 Qc7 20.f4 b5 21.Qxb5 c4 22.Ne5 Rb8
23.Ba5 Qc8 24.Qa4 Nxf4 25.Nd7 Bxb2+ 26.Kd2 Re8 27.Ke3 Qb7 28.Qxc4 Rbc8 29.Qa4 Ng2+
30.Kf3 Nh4+ 31.Kf4 Qa6 32.Kg3 Qe2 33.Rde1 Nf5+  0-1

[Event "XXVII Open"]
[Site "Zalakarosi HUN"]
[Date "2008.05.27"]
[Round "6"]
[White "Szentmihalyi,D"]
[Black "Munka,B"]
[Result "1/2-1/2"]
[WhiteElo "1956"]
[BlackElo "1875"]

1.e4 d6 2.d4 Nf6 3.Nc3 e5 4.dxe5 dxe5 5.Qxd8+ Kxd8 6.Nf3 Bd6 7.Bc4 Be6 8.Bxe6 fxe6
9.Bg5 c6 10.O-O-O Ke7 11.a3 Nd7 12.Rhe1 b5 13.Kb1 a5 14.Nd2 h6 15.Bh4 g5
16.Bg3 Nh5 17.Nb3 Nxg3 18.fxg3 a4 19.Nc1 Nc5 20.Nd3 Rhf8 21.Re3 Nxd3 22.Rexd3 Rad8
23.Na2 Bc5 24.Rxd8 Rxd8 25.Rxd8 Kxd8 26.g4 Kd7 27.Nc3 Bg1 28.h3 Be3 29.Ne2 Bf2
30.c4 Kd6 31.Nc1 Be3 32.Ne2 Bf2 33.Kc2 Kc5 34.cxb5 cxb5 35.b3 axb3+ 36.Kxb3 Be1
37.Ng1 Bg3 38.Nf3 Bf4 39.Kc3 Bg3 40.Kd3 Kd6 41.Nd2 Bf2  1/2-1/2

[Event "Open"]
[Site "Conegliano ITA"]
[Date "2008.05.31"]
[Round "1"]
[White "Zanin,D"]
[Black "Scalcione,M"]
[Result "0-1"]
[WhiteElo "2026"]
[BlackElo "2455"]

1.e4 d6 2.d4 Nf6 3.Nc3 c6 4.Nf3 Bg4 5.h3 Bh5 6.Be3 e6 7.Be2 d5 8.e5 Nfd7
9.Nd2 Bg6 10.O-O c5 11.f4 cxd4 12.Bxd4 Nc6 13.Bf2 h5 14.Nf3 h4 15.a3 Be7
16.Rc1 Bf5 17.Nb5 a6 18.Nbd4 Nxd4 19.Nxd4 Be4 20.Bg4 Qc7 21.Qe2 b5 22.a4 bxa4
23.c4 Qb7 24.cxd5 Bxd5 25.f5 Nc5 26.f6 gxf6 27.exf6 Bf8 28.Nf5 Ne4 29.Ng7+ Kd7
30.Rfd1 Bd6 31.Bd4 Rac8 32.Bf3 Rxc1 33.Rxc1 Rc8 34.Rxc8 Qxc8 35.Qd1 Qc4 36.Bxe4 Bxe4
37.Bf2 Bd5 38.Qe1 Qc2 39.Nh5 Qxb2  0-1

[Event "TCh-FRA Top 16 Poule Haute"]
[Site "Evry FRA"]
[Date "2008.05.31"]
[Round "10"]
[White "Edouard,R"]
[Black "Chabanon,JL"]
[Result "1/2-1/2"]
[WhiteElo "2509"]
[BlackElo "2454"]

1.e4 d6 2.d4 Nf6 3.Nc3 e5 4.Nge2 c6 5.g3 Nbd7 6.Bg2 g6 7.O-O Bg7 8.a4 O-O
9.h3 b6 10.f4 Ba6 11.dxe5 dxe5 12.f5 Qe7 13.Kh2 Rfd8 14.Qe1 h6 15.g4 Nf8
16.Qf2 N8h7 17.Re1 Nd7 18.Ng3 Qh4 19.Be3 Bf6 20.Bf1 Bxf1 21.Rxf1 Rf8 22.Rad1 Rad8
23.Nh1 Qxf2+ 24.Rxf2 Kg7 25.Rfd2 Nb8 26.a5 Rxd2+ 27.Rxd2 Rd8 28.Rxd8 Bxd8
29.Nf2 Bg5 30.Bxg5 Nxg5 31.axb6 axb6 32.Kg3 f6 33.Nd3 Nf7 34.Na4 Nd7 35.h4 Nd6
36.Kf3 h5 37.fxg6 hxg4+ 38.Kxg4 Kxg6 39.h5+ Kh6 40.Nc3 c5 41.Nd5 Nxe4 42.Kf5 Ng5
43.Nxf6 Nxf6 44.Kxf6 e4 45.Nf4 e3 46.Kf5 Nf3 47.Ke4 Nd4 48.Kd3 Kg5 49.Ng2 e2
50.c3 Nc6 51.Kxe2 Ne5 52.Ne1 Kxh5 53.Nd3 Nc4 54.Kd1 Kg5 55.Kc2 Ne3+ 56.Kd2  1/2-1/2

[Event "XVI Lasker Mem Open A"]
[Site "Barlinek POL"]
[Date "2008.06.01"]
[Round "2"]
[White "Kowalczyk,P"]
[Black "Mazurkiewicz,M"]
[Result "1-0"]
[WhiteElo "2075"]
[BlackElo "2239"]


1.e4 d6 2.d4 Nf6 3.Nc3 c6 4.f4 Qa5 5.Bd3 e5 6.Nf3 Bg4 7.Be3 Nbd7 8.O-O Be7
9.Qe1 O-O 10.Kh1 Bxf3 11.Rxf3 Rfe8 12.Qg3 Rad8 13.Raf1 exd4 14.Bxd4 c5 15.Be3 d5
16.exd5 a6 17.Qh3 Nf8 18.Rg3 Nxd5 19.Nxd5 Rxd5 20.Bc4 Rd7 21.Qh6 Ng6 22.Bxf7+ Kxf7
23.Qxh7 Nh4 24.Qxg7+ Ke6 25.Qe5+ Kf7 26.Qh5+ Kf8 27.Qh6+ Kf7 28.Rg7+ Kf8
29.Qh8+  1-0

[Event "Open"]
[Site "Conegliano ITA"]
[Date "2008.06.01"]
[Round "2"]
[White "De Filomeno,S"]
[Black "Orsatti,M"]
[Result "1-0"]
[WhiteElo "2088"]
[BlackElo "1987"]

1.e4 d6 2.d4 Nf6 3.Nc3 c6 4.f4 Qa5 5.Bd2 e5 6.Nf3 exd4 7.Nxd4 Qb6 8.Nb3 Be7
9.Qf3 O-O 10.Bd3 Nbd7 11.Be3 Qc7 12.a4 b6 13.g4 Nc5 14.Nxc5 dxc5 15.g5 Nd7
16.e5 Bb7 17.O-O-O Rfd8 18.Qe4 Nf8 19.f5 c4 20.Bxc4 b5 21.axb5 cxb5 22.Bd5 Bxd5
23.Nxd5 Qb7 24.Nf6+  1-0

[Event "Open"]
[Site "Conegliano ITA"]
[Date "2008.06.01"]
[Round "4"]
[White "Caprio,G"]
[Black "Orsatti,M"]
[Result "1-0"]
[WhiteElo "2140"]
[BlackElo "1987"]

1.e4 d6 2.d4 Nf6 3.Nc3 c6 4.f4 Qa5 5.Bd3 e5 6.Nf3 exd4 7.Nxd4 Qb6 8.Be2 c5
9.Nf3 Nc6 10.e5 dxe5 11.fxe5 Ng4 12.O-O Be6 13.Ng5 Rd8 14.Qe1 Ncxe5 15.Bxg4 Nxg4
16.Nxf7 c4+ 17.Kh1 Bc5 18.Nxd8 Kxd8 19.Ne4 Rf8 20.Rxf8+ Bxf8 21.Bg5+ Kc8
22.Rd1 Bf5 23.Qf1 g6 24.Qxc4+ Qc6 25.Qf7  1-0

[Event "TCh-FRA Top 16 Poule Basse"]
[Site "Evry FRA"]
[Date "2008.06.01"]
[Round "11"]
[White "Rozentalis,E"]
[Black "Damljanovic,B"]
[Result "1/2-1/2"]
[WhiteElo "2582"]
[BlackElo "2595"]

1.e4 d6 2.d4 Nf6 3.Nc3 e5 4.dxe5 dxe5 5.Qxd8+ Kxd8 6.Bc4 Ke8 7.Nf3 Bd6 8.Bg5 Nbd7
9.O-O-O a6 10.Rhe1 h6 11.Bh4 b5 12.Bb3 Bb7 13.Bxf6 Nxf6 14.Nd5 Rd8 15.Nxf6+ gxf6
16.Nh4 Bc8 17.Rd3 Ke7 18.Red1 Bc5 19.Rxd8 Rxd8 20.Nf5+ Bxf5 21.Rxd8 Kxd8
22.exf5  1/2-1/2

[Event "XVI Lasker Mem Open A"]
[Site "Barlinek POL"]
[Date "2008.06.02"]
[Round "3"]
[White "Radovanovic,J"]
[Black "Voloshin,L"]
[Result "1/2-1/2"]
[WhiteElo "2349"]
[BlackElo "2434"]


1.e4 d6 2.d4 Nf6 3.Nc3 e5 4.dxe5 dxe5 5.Qxd8+ Kxd8 6.Bc4 Be6 7.Bxe6 fxe6
8.f3 a6 9.Be3 Bd6 10.Nh3 Ke7 11.Nf2 b5 12.a4 b4 13.Nb1 Nc6 14.Nd2 h6 15.Nc4 Nh5
16.Nd3 g5 17.g4 Nf4 18.Bxf4 gxf4 19.Kf2 Kf6 20.Rad1 Rad8 21.h4 Be7 22.c3 Rhg8
23.Ke2 Rb8 24.Nf2 Kf7 25.Rd7 Rbc8 26.g5 hxg5 27.h5 Rgd8 28.Rhd1 bxc3 29.bxc3 Rxd7
30.Rxd7 Ke8 31.Rd1 Bf6 32.Ng4 Ke7 33.Rb1 Rf8 34.Rb7 Kd8 35.Rb1 Ke7 36.Rb3 Bg7
37.Rb1 Rh8 38.Rh1 Kf7 39.Kd3 Rd8+ 40.Kc2 Rh8 41.Nb2 Bf8 42.Nc4 Bg7 43.Rb1 Ke7
44.Rh1 Kf7 45.h6 Bf6  1/2-1/2

[Event "Open"]
[Site "Conegliano ITA"]
[Date "2008.06.02"]
[Round "5"]
[White "Rombaldoni,Ax"]
[Black "Scalcione,M"]
[Result "1-0"]
[WhiteElo "2398"]
[BlackElo "2455"]

1.e4 d6 2.d4 Nf6 3.Nc3 e5 4.Nf3 Nbd7 5.Bc4 Be7 6.O-O O-O 7.a4 c6 8.Ba2 b6
9.Re1 a6 10.h3 Bb7 11.dxe5 dxe5 12.Nh4 b5 13.Nf5 b4 14.Nxe7+ Qxe7 15.Nb1 Nc5
16.Nd2 Nxa4 17.Bxf7+ Qxf7 18.Rxa4 c5 19.Qe2 Rae8 20.Ra5 Nh5 21.Qc4 Rc8 22.f3 Nf6
23.Qxf7+ Kxf7 24.Nc4 Ke6 25.Be3 Nd7 26.Rd1 Rc6 27.Rxd7 Kxd7 28.Nxe5+  1-0

[Event "Open"]
[Site "Conegliano ITA"]
[Date "2008.06.02"]
[Round "6"]
[White "Mazzilli,P"]
[Black "De Nardi,R"]
[Result "0-1"]
[WhiteElo "2332"]
[BlackElo "1931"]

1.d4 Nf6 2.Nc3 d6 3.e4 c6 4.Nf3 Nbd7 5.e5 Ng8 6.Bc4 d5 7.Bd3 Nb6 8.Ng5 g6
9.h4 h6 10.Nh3 Bxh3 11.Rxh3 e6 12.h5 g5 13.f4 gxf4 14.Ne2 f3 15.gxf3 Be7
16.Be3 Bh4+ 17.Bf2 Bxf2+ 18.Kxf2 Ne7 19.Rg3 Kd7 20.Qd2 Nc4 21.Bxc4 dxc4 22.Qb4 b5
23.Rg7 a5 24.Qc5 Ke8 25.Nc3 Nf5 26.Rg4 Kd7 27.a4 Qe7 28.axb5 Qxc5 29.dxc5 cxb5
30.Nxb5 Rhb8 31.Rd1+ Kc6 32.Nd4+ Kxc5 33.Nxf5 exf5 34.Rf4 Rxb2 35.Rxf5 Rxc2+
36.Kg3 Rg8+ 37.Kf4 Rg5 38.Rxf7 Re2 39.Rc7+ Kb6 40.Re7 c3 41.Rd6+ Kb5 42.Rxh6 Rexe5
43.Rb7+ Kc4 44.Rc7+ Rc5 45.Rxc5+ Rxc5 46.Ke3 Re5+ 47.Kf4 c2 48.Kxe5 Kb5 49.Kf5 c1=Q
50.Rf6 a4 51.h6 a3  0-1

[Event "Mitropa Cup m"]
[Site "Olbia ITA"]
[Date "2008.06.02"]
[Round "8"]
[White "Huschenbeth,N"]
[Black "Borgo,G"]
[Result "1/2-1/2"]
[WhiteElo "2453"]
[BlackElo "2453"]

1.e4 d6 2.d4 Nf6 3.Nc3 Nbd7 4.g4 h6 5.h3 e5 6.Bg2 c6 7.Nge2 b5 8.a3 a5 9.O-O Ba6
10.Ng3 b4 11.Nce2 h5 12.g5 h4 13.Nf5 Nh7 14.dxe5 dxe5 15.axb4 axb4 16.g6 fxg6
17.Nd6+ Bxd6 18.Qxd6 Bxe2 19.Qe6+ Kf8 20.Rxa8 Qxa8 21.Qxd7 Qe8 22.Qd6+ Kg8
23.Re1 Bh5 24.f4 Nf8 25.fxe5 Kh7 26.Bf1 Qf7 27.Qxb4 Ne6 28.Bc4 Qf3 29.Re3 Qd1+
30.Qe1 Qd7 31.Rd3 Qe7 32.Bxe6 Qxe6 33.Bf4 Rf8 34.Bh2 Qc4 35.Rc3 Qd4+ 36.Kg2 c5
37.b3 g5 38.Rd3 Qb2 39.Rc3 Ra8 40.Rxc5 Ra1 41.Qe3 Bg6 42.Rc4 Qb1 43.Qg1 Qb2
44.Qe3 Qb1 45.Qg1 Qb2 46.Qe3 Qb1  1/2-1/2

[Event "TCh-BIH w"]
[Site "Neum BIH"]
[Date "2008.06.04"]
[Round "1"]
[White "Madl,I"]
[Black "Stojanovic,An"]
[Result "0-1"]
[WhiteElo "2379"]
[BlackElo "2346"]

1.e4 d6 2.d4 Nf6 3.Nc3 e5 4.Nf3 exd4 5.Nxd4 Be7 6.Be2 O-O 7.O-O Re8 8.Re1 Bf8
9.Bf1 c6 10.Bg5 Nbd7 11.Qd2 h6 12.Bh4 a5 13.a4 Nc5 14.f3 Bd7 15.Bf2 Qc7 16.Bc4 Rad8
17.Be3 Bc8 18.Qf2 Nfd7 19.Qg3 Ne5 20.Be2 Kh7 21.f4 Ng6 22.Bf3 Be7 23.Bh5 Bf6
24.Bf2 Nf8 25.Rad1 g6 26.Bf3 h5 27.Be3 Bg7 28.Qh4 Kg8 29.Qf2 Nfd7 30.h3 Nf6
31.e5 dxe5 32.Ndb5 cxb5 33.Nxb5 Qb8 34.Bxc5 e4 35.Bd6 Rxd6 36.Nxd6 Rd8 37.Nxe4 Rxd1
38.Nxf6+ Bxf6 39.Bxd1 Bd7 40.c3 Qd6 41.Bb3 Bd8 42.Rd1 Qc6  0-1

[Event "XVI Lasker Mem Open A"]
[Site "Barlinek POL"]
[Date "2008.06.06"]
[Round "7"]
[White "Chochoy,P"]
[Black "Mazurkiewicz,M"]
[Result "0-1"]
[WhiteElo "1764"]
[BlackElo "2239"]


1.e4 d6 2.d4 Nf6 3.Nc3 c6 4.Be3 Qc7 5.Qd2 b5 6.Bd3 e5 7.Nge2 Be7 8.f3 O-O
9.g4 Nbd7 10.Ng3 exd4 11.Bxd4 Ne5 12.Qg2 b4 13.Nce2 c5 14.Bxe5 dxe5 15.Nf5 Be6
16.Nxe7+ Qxe7 17.c4 Rad8 18.Rd1  0-1

[Event "XVI Lasker Mem Open A"]
[Site "Barlinek POL"]
[Date "2008.06.06"]
[Round "7"]
[White "Bronowicki,M"]
[Black "Voloshin,L"]
[Result "1/2-1/2"]
[WhiteElo "2307"]
[BlackElo "2434"]


1.d4 d6 2.e4 Nf6 3.Nc3 e5 4.dxe5 dxe5 5.Qxd8+ Kxd8 6.Bc4 Be6 7.Bxe6 fxe6
8.Be3 Bd6 9.f3 a6 10.Nh3 Ke7 11.Nf2 Nc6 12.Nd3 Rhf8 13.a4 Nh5 14.Ne2 Nf4
15.Nexf4 exf4 16.Bf2 e5 17.Ke2 Ke6 18.g4 Rfd8 19.h4 Be7 20.h5 Rac8 21.Rhd1 b6
22.Rab1 Na5 23.b3 c5 24.Nb2 Rxd1 25.Rxd1 Nc6 26.c3 Na5 27.Nc4 Nxc4 28.bxc4 a5  1/2-1/2

[Event "XXX Nezhmetdinov Mem"]
[Site "Kazan RUS"]
[Date "2008.06.06"]
[Round "6"]
[White "Kuporosov,V"]
[Black "Zablotsky,S"]
[Result "1/2-1/2"]
[WhiteElo "2448"]
[BlackElo "2508"]

1.e4 d6 2.d4 Nf6 3.Nc3 e5 4.Nf3 Nbd7 5.Bc4 Be7 6.O-O O-O 7.Re1 c6 8.a4 exd4
9.Nxd4 Ne5 10.Bb3 Re8 11.h3 Bf8 12.Bf4 Bd7 13.Bg3 Qa5 14.Qe2 Qc5 15.Rad1 Ng6
16.Qc4 Qxc4 17.Bxc4 Rad8 18.Nb3 Bc8 19.f3 b6 20.Bf1 Bb7 21.Rd2 a6 22.Red1 Ne5
23.Bh4 Ned7 24.Bg3 Ne5 25.Bh4 Ned7 26.Bg3  1/2-1/2

[Event "ch-CHN"]
[Site "Beijing CHN"]
[Date "2008.06.07"]
[Round "10"]
[White "Yu Shaoteng"]
[Black "Li Shilong"]
[Result "1-0"]
[WhiteElo "2505"]
[BlackElo "2512"]

1.e4 d6 2.d4 Nf6 3.Nc3 e5 4.Nf3 Nbd7 5.Bc4 Be7 6.O-O O-O 7.Re1 c6 8.a4 a5
9.h3 b6 10.Ba2 Bb7 11.dxe5 dxe5 12.Nh4 Re8 13.Nf5 Bf8 14.Qf3 Qc7 15.Bg5 Rad8
16.Rad1 Bc8 17.Nh6+ gxh6 18.Rxd7 Bxd7 19.Bxf6  1-0

[Event "TCh-BIH w"]
[Site "Neum BIH"]
[Date "2008.06.07"]
[Round "4"]
[White "Mladenovic,J"]
[Black "Stojanovic,An"]
[Result "1/2-1/2"]
[WhiteElo "2133"]
[BlackElo "2346"]

1.e4 d6 2.d4 Nf6 3.Nc3 e5 4.Nf3 Nbd7 5.dxe5 dxe5 6.Bc4 Be7 7.Bxf7+ Kxf7 8.Ng5+ Kg8
9.Ne6 Qe8 10.Nxc7 Qg6 11.Nxa8 Qxg2 12.Rf1 Ng4 13.Nc7 Nxh2 14.Qd5+ Kf8 15.Ne6+ Ke8
16.Nc7+ Kf8 17.Ne6+ Ke8 18.Nc7+  1/2-1/2

[Event "National Open"]
[Site "Las Vegas USA"]
[Date "2008.06.08"]
[Round "5"]
[White "Shankland,S"]
[Black "Altounian,L"]
[Result "1/2-1/2"]
[WhiteElo "2296"]
[BlackElo "2460"]

1.e4 d6 2.d4 Nf6 3.Nc3 e5 4.Nf3 Nbd7 5.Bc4 Be7 6.O-O O-O 7.Re1 c6 8.a4 b6
9.b3 a6 10.Bf1 Re8 11.Ba3 Bb7 12.Qd2 b5 13.dxe5 dxe5 14.Bxe7 Qxe7 15.Bd3 Nc5
16.Rad1 Rad8 17.Qe3 Ng4 18.Qc1 Nxd3 19.Rxd3 Qc5 20.Qd2 Rxd3 21.cxd3 Rd8 22.Nd1 h6
23.Nb2 Nf6 24.b4 Qd6 25.Qc3 Nd7 26.Rc1 Qf6 27.Nd2 Qg5 28.Nb3 Nf6 29.Nd2 Nd7
30.Nf3 Qe7 31.Nd1 h5 32.Ne3 g6 33.Nf1 f6 34.axb5 axb5 35.Qb3+ Qf7 36.N1d2 Nb6
37.Qxf7+ Kxf7 38.Nb3 Na4 39.d4 exd4 40.Nfxd4 Nb2 41.Ra1 Nd3 42.Ra7 Rd7 43.f4 Nxf4
44.Kf2 Bc8 45.Nxc6 Rxa7 46.Nxa7 Bd7 47.Nc5 Be8 48.g3 Ne6  1/2-1/2

[Event "III GM"]
[Site "Mysliborz POL"]
[Date "2008.06.09"]
[Round "1"]
[White "Zeberski,J"]
[Black "Voloshin,L"]
[Result "1-0"]
[WhiteElo "2398"]
[BlackElo "2434"]

1.e4 d6 2.d4 Nf6 3.Nc3 e5 4.Nge2 Nbd7 5.g3 g6 6.Bg2 Bg7 7.h3 O-O 8.Be3 c6
9.a4 a5 10.O-O Re8 11.g4 h5 12.g5 Nh7 13.h4 f6 14.Qd2 fxg5 15.hxg5 Ndf8 16.d5 c5
17.Nb5 b6 18.Kh2 Re7 19.f3 Ba6 20.Nec3 Rf7 21.Ne2 Qe7 22.Bh3 Rd8 23.c4 Bc8
24.Bxc8 Rxc8 25.Rf2 Rd8 26.Rg1 Nd7 27.Rg3 Nb8 28.Na3 Rdf8 29.Kg2 Qd7 30.b3 h4
31.Rh3 Rxf3 32.Rhxf3 Qg4+ 33.Ng3 h3+ 34.Kh2 Rxf3 35.Rxf3 Qxf3 36.Kxh3 Bf8
37.Nc2 Be7 38.Ne1 Qf8 39.Kg2 Na6 40.Nf3 Nb4 41.Nf1 Qc8 42.N1h2 Bf8 43.Kg3 Bg7
44.Nh4 Qe8 45.Qd1 Qf7 46.Qe2 Bf8 47.Ng4 Bg7 48.Nf2 Nf8 49.Kg2 Nh7 50.Kf1 Bf8
51.Ke1 Be7 52.Nh3 Kf8 53.Kd2 Ke8 54.Qg2 Kd8 55.Nf2 Kc7 56.Nd1 Kb7 57.Nc3 Bd8
58.Nb5 Bc7 59.Nf3 Nf8 60.Qh3 Qh7 61.Qf1 Nd7 62.Qg2 Nf8 63.Kc3 Qf7 64.Nh2 Qh7
65.Ng4 Qh4 66.Kd2 Qh7 67.Nf6 Qf7 68.Qh3 Na6 69.Qh8 Nb8 70.Qh3 Nbd7 71.Ng4 Qe7
72.Ke2 Bb8 73.Nh6 Bc7 74.Qf3 Kc8 75.Na7+ Kb7 76.Nb5 Kc8 77.Qf7 Qd8 78.Ng8 Kb7
79.Ne7 Bb8 80.Nc6 Qc8 81.Qe7 Bc7 82.Nba7 Qa8 83.Nb5 Qc8 84.Kd3 Qa8 85.Bf2 Qc8
86.Bg3 Ka6 87.Qe8 Kb7 88.Qf7 Ka6 89.Qe7 Bb8 90.Nxd6 Bxd6 91.Qxd6 Nh7 92.Qxd7 Qxd7
93.Nb8+ Kb7 94.Nxd7 Nxg5 95.Nxe5 Nh3 96.Nxg6 Ng5 97.Bf4 Nf3 98.e5 Nd4 99.e6 Kc8
100.Be3 Nf5 101.Ke4 Ng3+ 102.Ke5 Nf1 103.Bf4 Kd8 104.d6 Kc8 105.d7+ Kc7 106.Ke4+  1-0

[Event "TCh-BIH"]
[Site "Neum BIH"]
[Date "2008.06.11"]
[Round "8"]
[White "Stevic,H"]
[Black "Runic,Z"]
[Result "1-0"]
[WhiteElo "2571"]
[BlackElo "2452"]

1.e4 d6 2.d4 Nf6 3.Nc3 e5 4.dxe5 dxe5 5.Qxd8+ Kxd8 6.Bc4 Be6 7.Bxe6 fxe6
8.f3 Bd6 9.Be3 a6 10.Nb1 Ke7 11.Nd2 Nc6 12.c3 h6 13.Nh3 Rhd8 14.Nf2 Kf7 15.Ke2 Be7
16.Nd3 Nd7 17.a4 a5 18.Nc4 Bf6 19.h4 Rh8 20.g4 g5 21.Bf2 Nf8 22.Rad1 b6 23.Bg3 Ng6
24.h5 Nf4+ 25.Nxf4 exf4 26.Rd7+ Be7 27.Rxc7 fxg3 28.Rxc6 Bc5 29.Rc7+ Ke8
30.Kf1 Rd8 31.Kg2 Bf2 32.e5 Rd7 33.Rc8+ Rd8 34.Rc7 Rd7 35.Nd6+ Ke7 36.Rxd7+ Kxd7
37.Ne4 Be3 38.Rd1+ Ke7 39.Nf6 Rd8 40.Rxd8 Kxd8 41.Kxg3 Bf4+ 42.Kf2 Bxe5 43.Ne4 Kd7
44.Ke3 Kc6 45.Kd3 Kd5 46.Nd2 Bd6 47.Nc4 Bc5 48.b4 axb4 49.cxb4 Bxb4 50.Nxb6+ Ke5
51.Nc4+ Kf4 52.Ke2 e5 53.Ne3 Bc5 54.Nd5+ Kg3 55.Nf6 Kf4 56.a5 Ba7 57.a6 Bd4
58.Ne4 Ba7 59.Nf2 Kg3 60.Ne4+ Kf4 61.Nd6 Bc5 62.Nf7 e4 63.fxe4 Kxg4 64.e5 Kf5
65.Kf3 g4+ 66.Kg3 Bd4 67.Nxh6+ Kxe5 68.Kxg4 Kd5 69.Nf5  1-0

[Event "4th Open"]
[Site "Lodi ITA"]
[Date "2008.06.15"]
[Round "5"]
[White "Fedorchuk,S"]
[Black "Borgo,G"]
[Result "1-0"]
[WhiteElo "2671"]
[BlackElo "2453"]

1.e4 d6 2.d4 Nf6 3.Nc3 Nbd7 4.f4 e5 5.Nf3 exd4 6.Qxd4 c6 7.Be3 d5 8.O-O-O Bc5
9.Qd2 Bxe3 10.Qxe3 Qb6 11.Qe1 dxe4 12.Nxe4 O-O 13.Nd6 Nc5 14.f5 Qc7 15.Bc4 b5
16.Bxf7+ Rxf7 17.Nxf7 Kxf7 18.Ng5+ Kf8 19.Qb4 Qb6 20.Rhe1 Nd5 21.Nxh7+ Kg8
22.Re8+ Kf7 23.Rf8+ Ke7 24.Qh4+  1-0

[Event "TCh-ARM"]
[Site "Yerevan ARM"]
[Date "2008.06.16"]
[Round "1"]
[White "Arutinian,D"]
[Black "Petrosian,TL"]
[Result "1/2-1/2"]
[WhiteElo "2593"]
[BlackElo "2616"]

1.d4 d6 2.e4 Nf6 3.Nc3 c6 4.a4 e5 5.Nf3 Qc7 6.h3 Be7 7.Bc4 O-O 8.O-O Nbd7
9.Re1 b6 10.b3 a6 11.Ba3 Bb7 12.dxe5 Nxe5 13.Bf1 Rfe8 14.Nd4 Bf8 15.Qd2 Rad8
16.Nf5 Ng6 17.Rad1 c5 18.Nd5 Nxd5 19.exd5 Bc8 20.Ng3 f5 21.Nh5 Qf7 22.Bc1 Kh8
23.c4 a5 24.Kh1 h6 25.Bb2 Kh7 26.Bd3 Ne5 27.Nf4 Nxd3 28.Qxd3 Rxe1+ 29.Rxe1 Re8
30.Re3 Kg8 31.Qe2 Rxe3 32.Qxe3 Qe7 33.Qg3 Qg5 34.Qf3 Kf7 35.Ne6 Bxe6 36.dxe6+ Kxe6
37.Qd5+ Ke7 38.Qb7+ Ke6 39.Qd5+ Ke7 40.Qb7+ Ke6 41.Qd5+  1/2-1/2

[Event "FSGM June"]
[Site "Budapest HUN"]
[Date "2008.06.17"]
[Round "11"]
[White "Bluvshtein,M"]
[Black "Czebe,A"]
[Result "1/2-1/2"]
[WhiteElo "2544"]
[BlackElo "2513"]

1.d4 d6 2.e4 Nf6 3.Nc3 e5 4.Nf3 Nbd7 5.Bc4 Be7 6.O-O O-O 7.Re1 c6 8.a4 h6
9.b3 Qc7 10.Bb2 Re8 11.Bd3 Nf8 12.Ne2 Ng6 13.Ng3 a5 14.h3 Bf8 15.Qd2 Bd7
16.c4 c5 17.dxc5 dxc5 18.Nf5 Rad8 19.Ne3 Nf4 20.Nd5 N6xd5 21.cxd5 g5 22.Bf1 Bd6
23.Kh2 Kh7 24.g3 Ng6 25.Qc3 b6 26.Nd2 f6 27.Nc4 Kg7 28.Qf3 h5 29.Ne3 Rh8
30.Kg1 Kf7 31.Nf5 Rdg8 32.Qd3  1/2-1/2

[Event "White Nights Open"]
[Site "St Petersburg RUS"]
[Date "2008.06.21"]
[Round "1"]
[White "Khatenever,F"]
[Black "Golovankov,V"]
[Result "0-1"]
[WhiteElo "1980"]
[BlackElo "2282"]

1.d4 d6 2.e4 Nf6 3.Nc3 Nbd7 4.Bc4 c6 5.Nf3 d5 6.exd5 Nb6 7.Bd3 Nbxd5 8.Nxd5 cxd5
9.Ne5 a6 10.O-O e6 11.Qe2 Be7 12.a4 O-O 13.c3 Nd7 14.Qh5 f5 15.Re1 Nxe5 16.Rxe5 Bf6
17.Re1 Bd7 18.Qe2 Qc7 19.g3 g5 20.Qh5 Qd8 21.Qd1 Re8 22.b3 Rc8 23.Bb2 Bc6
24.Qd2 Qd7 25.Re2 Qg7 26.Rae1 Bd7 27.Bc2 b5 28.axb5 axb5 29.Ra1 Ra8 30.Ree1 Qf8
31.Bd3 Rxa1 32.Rxa1 Ra8 33.Qc1 Kf7 34.Qd1 g4 35.Rxa8 Qxa8 36.Qa1 Qxa1+ 37.Bxa1 e5
38.dxe5 Bxe5 39.b4 h5 40.Bb2 h4 41.gxh4 Kg6 42.Be2 Kh5 43.h3 Kxh4 44.hxg4 fxg4
45.Kg2 Bf4 46.Kf1 Kh3 47.Ke1 Kg2 48.Bf1+ Kg1 49.Bd3 Bg5 50.Be2 Bh4 51.Bc1 Bxf2+
52.Kd1 Kh2 53.Bf4+ Bg3 54.Be3 Be5 55.Kd2 g3 56.Bf3 Bc6 57.Bd4 Bxd4 58.cxd4 g2  0-1

[Event "12th North American FIDE Inv"]
[Site "Chicago USA"]
[Date "2008.06.22"]
[Round "3"]
[White "Tate,E"]
[Black "Young,A PHI"]
[Result "0-1"]
[WhiteElo "2378"]
[BlackElo "2381"]

1.e4 d6 2.d4 Nf6 3.Nc3 c6 4.f4 Qa5 5.e5 Ne4 6.Qf3 d5 7.Bd3 Na6 8.Ne2 Nb4
9.f5 Nxd3+ 10.cxd3 Nxc3 11.bxc3 e6 12.f6 g6 13.O-O b6 14.Bd2 Qa4 15.c4 Qc2
16.Rfd1 Ba3 17.Bh6 Bb7 18.Rd2 Qa4 19.Rb1 O-O-O 20.Rb3 Bb4 21.Rdb2 c5 22.Qh3 Qc6
23.Rc2 Kb8 24.a3 dxc4 25.dxc4 Qe4 26.Rcb2 cxd4 27.axb4 d3 28.Ng3 Qd4+ 29.Kh1 d2
30.Bxd2 Qf2 31.Re3 Rxd2 32.Rxd2 Qxd2 33.Nf1 Qf2 34.Rf3 Bxf3 35.Qxf3 Qxf3
36.gxf3 a5  0-1